000 00260nam a2200109Ia 4500
008 240625s9999 xx 000 0 und d
041 _aeng
082 _a658.3124 HAY
100 _aHAY JULIE
245 _aSIMULATIONS FOR ASSESSMENT TRAINING AND
260 _c2010
999 _c34903
_d34903